| 000 | 00516nam a2200217Ia 4500 | ||
|---|---|---|---|
| 999 |
_c18227 _d18227 |
||
| 003 | 0100 | ||
| 005 | 20170727102258.0 | ||
| 008 | 130303s9999 xx 000 0 und d | ||
| 020 | _a0415096766 | ||
| 040 | _cARRUPELIB | ||
| 050 | _aB808.5.W57 1996 | ||
| 245 | _aWittgenstein and Quine | ||
| 260 |
_bRoutledge _aLondon _c1996 |
||
| 300 | _axvii | ||
| 300 | _b 286p. 23 cm. | ||
| 650 |
_aPHILOSOPHY _933637 |
||
| 650 |
_bAfrican philosophy _98126 |
||
| 700 |
_aArrington, Robert L ; Glock, Hans-Johann, (ed) _933638 |
||
| 942 | 0 | 0 |
_01 _2lcc _cMONOGRAPH |